| 000 | 00408nam a22001577a 4500 | ||
|---|---|---|---|
| 999 |
_c16303 _d16303 |
||
| 003 | OSt | ||
| 008 | 200820b ||||| |||| 00| 0 eng d | ||
| 020 | _a9789386478009 | ||
| 082 |
_a664 _bAVA/TE |
||
| 100 |
_aAvantina Sharma _94678 |
||
| 245 | _aTextbook of food science and technology | ||
| 250 | _a3 | ||
| 260 |
_aNew Delhi _bCBS Publishers and Distributors Pvt Ltd _c2017 |
||
| 300 | _a342 | ||
| 942 | _cBK | ||